000 00222nam a2200085Ia 4500
008 120527s9999 xx 000 0 und d
100 _aEBOH, C.Eric .et al
245 _aPromotion Nigeria's non-oil private sector
942 _cBK
999 _c25338
_d25338